A plate glass window palace doesn't make a good school (Record no. 80786)
[ view plain ]
| 000 -LEADER | |
|---|---|
| fixed length control field | 01024cab a22002055a 4500 |
| 001 - CONTROL NUMBER | |
| control field | L145344 |
| 008 - FIXED-LENGTH DATA ELEMENTS--GENERAL INFORMATION | |
| fixed length control field | 080916e20080912enko f 000 0 eng d |
| 035 ## - SYSTEM CONTROL NUMBER | |
| System control number | (Sirsi) u145344 |
| 041 0# - LANGUAGE CODE | |
| Language code of text/sound track or separate title | eng |
| 100 1# - MAIN ENTRY--PERSONAL NAME | |
| Personal name | Wright, Emily |
| 245 02 - TITLE STATEMENT | |
| Title | A plate glass window palace doesn't make a good school |
| 260 ## - PUBLICATION, DISTRIBUTION, ETC. | |
| Date of publication, distribution, etc. | 2008 |
| 490 ## - SERIES STATEMENT | |
| Series statement | Building |
| Volume/sequential designation | 273(8546) 12 September 2008, 46-48(3) |
| 520 ## - SUMMARY, ETC. | |
| Summary, etc. | The second in a series of six articles on school developments (see other articles under references L145210, L145345, L145349, L145354, L145360). Presents views of former chief inspector for schools on governmental programme Building Schools for the future. Suggests that more is needed to really address educational problems. Explains that headteachers and senior staff members should be more involved in the planning process. |
| 590 ## - LOCAL NOTE (RLIN) | |
| Local note | KA |
| 650 24 - SUBJECT ADDED ENTRY--TOPICAL TERM | |
| Topical term or geographic name entry element | BUILDING SCHOOLS FOR THE FUTURE |
| 651 #4 - SUBJECT ADDED ENTRY--GEOGRAPHIC NAME | |
| Geographic name | England |
| Chronological subdivision | 886- |
| 690 ## - LOCAL SUBJECT ADDED ENTRY--TOPICAL TERM (OCLC, RLIN) | |
| Topical term or geographic name as entry element | BUILT ENVIRONMENT-BUILDING TYPES-EDUCATIONAL, INFORMATION AND SCIENTIFIC FACILITIES |
| 942 ## - ADDED ENTRY ELEMENTS (KOHA) | |
| Suppress in OPAC | 0 |
| Withdrawn status | Lost status | Source of classification or shelving scheme | Damaged status | Not for loan | Home library | Current library | Shelving location | Date acquired | Total Checkouts | Full call number | Barcode | Date last seen | Copy number | Price effective from | Koha item type |
|---|---|---|---|---|---|---|---|---|---|---|---|---|---|---|---|
| Dewey Decimal Classification | London | London | Journal article | 01/10/2008 | L145344 | 145344-1001 | 06/08/2019 | 1 | 06/08/2019 | Journal article |